000 00890nam a2200229Ia 4500
001 10378
003 GE_BSU
008 181216s||||||||xx |||||||||||||| ||und||
040 _cGE_BSU
080 _a910.4(4)+910.4(5)+821.353.1-94
100 _aფანჯიკიძე,გურამ
245 _aცხრა მთასა და ცხრა მთას იქით
245 _bმოგზაურობის შთაბეჭდილებები
245 _cრედ. მ.სოხაძე;მხატვ.ზ.დეისაძე
260 _aთბილისი
260 _bნაკადული
260 _c1975
300 _a223გვ.19სმ.
653 _aმოგზაურობის შთაბეჭდილებები
653 _aცხრა მთასა და ცხრა მთას იქით
942 _cBK
999 _c43642
_d43642